| 000 | 00663 a2200193 4500 | ||
|---|---|---|---|
| 010 | _aENG-85735 | ||
| 020 |
_a8189253271 _c350.00 |
||
| 035 | _aEN-69268 | ||
| 037 | _bD.B.Act / Pub | ||
| 082 | 1 | 4 | _a350.000954 |
| 100 | 1 | _aArora, Ramesh K. | |
| 245 | 1 |
_aPublic administration in India _btradition, trends and transformation _cby Ramesh K. Arora |
|
| 260 |
_aNew Delhi _bParagon International Publishers _c2006 |
||
| 270 |
_a5, Ansari Road, Darya Ganj _bNew Delhi _cDelhi _e110002 _k23274151 _mgph2004@yahoo.co.in |
||
| 300 |
_ax, 247 p. _c24 cm. (Hb) |
||
| 500 | _aIncludes index | ||
| 650 |
_aPublic administration _zIndia |
||
| 942 |
_adpl _cEN _k350.000954 / ARO _2ddc |
||
| 999 |
_c3385 _d3385 |
||